[Event "Perm Rating November"]
[Site "Perm"]
[Date "2010.11.15"]
[Round "1"]
[White "Goldshtein, Grigory"]
[Black "Mikheev, Nikolay"]
[Result "1-0"]
[WhiteElo "2136"]
[BlackElo "1847"]
[PlyCount "107"]
[EventDate "2010.11.15"]
[EventType "swiss"]
[EventRounds "7"]
[EventCountry "RUS"]
[SourceTitle "EXT 2022"]
[Source "ChessBase"]
[SourceDate "2021.10.06"]
[SourceVersion "1"]
[SourceVersionDate "2021.10.06"]
[SourceQuality "1"]

1. c4 Nf6 2. Nc3 e5 3. g3 Nc6 4. Bg2 d6 5. d3 Be7 6. e3 0-0 7. Nge2 Bd7 8. 0-0 Qc8 9. a3 Bh3 10. Nd5 Nxd5 11. cxd5 Bxg2 12. Kxg2 Nd8 13. e4 c6 14. Nc3 cxd5 15. Nxd5 Nc6 16. Be3 Bd8 17. Rc1 Qe6 18. f3 Rc8 19. b4 a5 20. Qb3 Ne7 21. Rxc8 Nxc8 22. Rc1 Ne7 23. Nxe7+ Qxe7 24. Qd5 Qd7 25. Rc3 Be7 26. Qb3 Rc8 27. Rxc8+ Qxc8 28. Qc4 Qc6 29. Kf2 Kf8 30. a4 Ke8 31. b5 Qxc4 32. dxc4 Bd8 33. Ke2 Kd7 34. Kd3 Ke6 35. c5 dxc5 36. Bxc5 h5 37. Kc4 g5 38. b6 h4 39. g4 h3 40. Kb5 Kd7 41. Kxa5 Kc6 42. Kb4 Bxb6 43. Bxb6 Kxb6 44. a5+ Ka6 45. Ka4 f6 46. Kb4 Ka7 47. Kb5 Kb8 48. Kb6 Kc8 49. Kc5 Kc7 50. Kd5 Kd7 51. Kc5 Kc7 52. Kb5 Kc8 53. Kc5 Kd7 54. Kb6 1-0

[Event "Perm Rating October"]
[Site "Perm"]
[Date "2010.10.11"]
[Round "6"]
[White "Goldshtein, Grigory"]
[Black "Volodin, Ivan"]
[Result "1/2-1/2"]
[WhiteElo "2070"]
[BlackElo "2225"]
[PlyCount "70"]
[EventDate "2010.10.04"]
[EventType "swiss"]
[EventRounds "8"]
[EventCountry "RUS"]
[SourceTitle "EXT 2022"]
[Source "ChessBase"]
[SourceDate "2021.10.06"]
[SourceVersion "1"]
[SourceVersionDate "2021.10.06"]
[SourceQuality "1"]

1. c4 c5 2. Nf3 d6 3. d4 cxd4 4. Nxd4 Nf6 5. Nc3 e6 6. e4 Be7 7. Be2 0-0 8. Be3 a6 9. 0-0 Qc7 10. f3 b6 11. Qe1 Bb7 12. Qg3 Re8 13. Kh1 Nbd7 14. Rac1 Rac8 15. Rfd1 Qb8 16. b3 Bf8 17. Qf2 Nc5 18. b4 Ncd7 19. a3 d5 20. cxd5 exd5 21. Nf5 dxe4 22. f4 g6 23. Qg3 Kh8 24. Nd4 Bg7 25. Qg5 Kg8 26. h4 h5 27. Qg3 Rxc3 28. Rxc3 Nd5 29. Rcc1 Qd6 30. Bc4 N7f6 31. Bxd5 Bxd5 32. Nc6 Ng4 33. Ne5 Nxe5 34. fxe5 Bxe5 35. Qg5 Qe6 1/2-1/2

[Event "Perm Rating September"]
[Site "Perm"]
[Date "2010.09.23"]
[Round "4"]
[White "Goldshtein, Grigory"]
[Black "Pershina, Elena"]
[Result "1-0"]
[WhiteElo "2070"]
[BlackElo "2030"]
[PlyCount "61"]
[EventDate "2010.09.20"]
[EventType "swiss"]
[EventRounds "7"]
[EventCountry "RUS"]
[SourceTitle "EXT 2022"]
[Source "ChessBase"]
[SourceDate "2021.10.06"]
[SourceVersion "1"]
[SourceVersionDate "2021.10.06"]
[SourceQuality "1"]

1. c4 c5 2. Nc3 Nc6 3. g3 g6 4. Bg2 Bg7 5. d3 e6 6. e4 Nge7 7. Nge2 0-0 8. 0-0 a6 9. a4 Rb8 10. f4 d6 11. g4 f5 12. g5 e5 13. Ng3 Be6 14. Rb1 Qd7 15. Nd5 Bxd5 16. exd5 Nd4 17. b4 b6 18. b5 axb5 19. axb5 Ra8 20. Ne2 Nxe2+ 21. Qxe2 Rfe8 22. Re1 Ra4 23. Kh1 Kf8 24. Bb2 Ra2 25. Qc2 Ng8 26. Qb3 Raa8 27. fxe5 Bxe5 28. Bxe5 Rxe5 29. Rxe5 dxe5 30. Qc3 Qe7 31. d6 1-0

[Event "Perm op 02"]
[Site "Perm"]
[Date "2010.03.01"]
[Round "2"]
[White "Goldshtein, Grigory"]
[Black "Antonov, Andrey"]
[Result "1-0"]
[WhiteElo "2111"]
[BlackElo "1880"]
[PlyCount "75"]
[EventDate "2010.02.27"]
[EventType "swiss"]
[EventRounds "9"]
[EventCountry "RUS"]
[SourceTitle "EXT 2011"]
[Source "ChessBase"]
[SourceDate "2010.11.26"]
[SourceVersion "1"]
[SourceVersionDate "2010.11.26"]
[SourceQuality "1"]

1. d4 Nf6 2. c4 d6 3. Nf3 g6 4. Nc3 Bg7 5. g3 Nbd7 6. Bg2 c6 7. 0-0 0-0 8. e4 Qc7 9. h3 a6 10. Be3 Nb6 11. Qe2 Nbd7 12. Rac1 e5 13. dxe5 dxe5 14. Rfd1 b6 15. Qc2 Bb7 16. Rd2 h6 17. Rcd1 Rfe8 18. Re2 Nf8 19. Qc1 Kh7 20. Na4 c5 21. Nd2 Ne6 22. Nc3 Nd4 23. Ree1 Rad8 24. Nd5 Bxd5 25. cxd5 Nb5 26. Nc4 Nd6 27. Nxd6 Rxd6 28. Qc4 Ra8 29. b4 Nd7 30. Rc1 b5 31. Qc2 c4 32. f4 f6 33. fxe5 fxe5 34. Rf1 Rf6 35. Rxf6 Nxf6 36. Rf1 Qd6 37. Bc5 Qd8 38. Qf2 1-0

[Event "Perm op 08"]
[Site "Perm"]
[Date "2009.08.18"]
[Round "6"]
[White "Goldshtein, Grigory"]
[Black "Volodin, Ivan"]
[Result "1/2-1/2"]
[WhiteElo "2225"]
[BlackElo "2264"]
[PlyCount "37"]
[EventDate "2009.08.11"]
[EventType "swiss"]
[EventRounds "9"]
[EventCountry "RUS"]
[SourceTitle "CBM 132 Extra"]
[Source "ChessBase"]
[SourceDate "2009.11.03"]
[SourceVersion "1"]
[SourceVersionDate "2009.11.03"]
[SourceQuality "1"]

1. e4 c5 2. c3 Nf6 3. e5 Nd5 4. d4 e6 5. Nf3 cxd4 6. Qxd4 Nc6 7. Qe4 f5 8. exf6 Nxf6 9. Qh4 b6 10. Bd3 Bd6 11. Bg5 Bb7 12. Nbd2 Qc7 13. Ne4 Nxe4 14. Bxe4 Ne7 15. Rd1 Bxe4 16. Qxe4 Nc6 17. Nd4 Bc5 18. Nxc6 Qxc6 19. Qxc6 1/2-1/2